[Event "FRA-chT3 0405"]
[Site "France"]
[Date "2004.11.10"]
[Round "1"]
[White "Gaste, Loic"]
[Black "Tripoteau, Nicolas"]
[Result "0-1"]
[WhiteElo "2117"]
[BlackElo "2250"]
[PlyCount "78"]
[EventDate "2004.10.10"]
[EventType "team"]
[EventRounds "9"]
[EventCountry "FRA"]
[SourceTitle "EXT 2007"]
[Source "ChessBase"]
[SourceDate "2006.11.23"]
[SourceVersion "1"]
[SourceVersionDate "2006.11.23"]
[SourceQuality "1"]

1. g3 e5 2. Bg2 f5 3. d3 Nf6 4. c4 g6 5. Nc3 Bg7 6. e3 0-0 7. Nge2 d6 8. b3 c6 9. 0-0 g5 10. d4 e4 11. a4 Rf7 12. Ba3 a5 13. Qd2 Na6 14. Rab1 Bf8 15. f3 d5 16. Bxf8 Kxf8 17. fxe4 dxe4 18. Bh3 g4 19. Bg2 h6 20. Nf4 Nh7 21. Na2 Ng5 22. b4 axb4 23. Nxb4 Nc5 24. Nxc6 bxc6 25. Qb4 Qa5 26. dxc5 Qxa4 27. Qc3 Rfa7 28. Qh8+ Kf7 29. Qxh6 Nf3+ 30. Bxf3 exf3 31. Qh7+ Kf6 32. Qh8+ Kf7 33. Rbd1 Qxc4 34. Qh5+ Ke7 35. Qg5+ Kf7 36. Qg6+ Ke7 37. Qg7+ Ke8 38. Qh8+ Kf7 39. Qh7+ Ke8 0-1

[Event "FRA-chT3 Gr5 0203"]
[Site "France"]
[Date "2002.11.16"]
[Round "2"]
[White "Gaste, Loic"]
[Black "Capitaine, Mathieu"]
[Result "0-1"]
[WhiteElo "2127"]
[BlackElo "2058"]
[PlyCount "44"]
[EventDate "2002.12.09"]
[EventType "team"]
[EventRounds "9"]
[EventCountry "FRA"]
[SourceTitle "EXT 2004"]
[Source "ChessBase"]
[SourceDate "2003.11.25"]
[SourceVersion "1"]
[SourceVersionDate "2003.11.25"]
[SourceQuality "1"]

1. e4 d6 2. d4 Nf6 3. Nc3 g6 4. Nf3 Bg7 5. Bg5 c6 6. Qd2 Qa5 7. Bd3 Bg4 8. 0-0-0 Nbd7 9. h3 Bxf3 10. gxf3 0-0 11. Bh6 e5 12. Bxg7 Kxg7 13. dxe5 dxe5 14. f4 Rad8 15. Be2 b5 16. fxe5 Nxe5 17. Qg5 b4 18. Nd5 cxd5 19. Qxe5 Rfe8 20. Qd4 Qxa2 21. e5 Ne4 22. b3 Qa3+ 0-1